| 000 | 00614nam a2200217 i 4500 | ||
|---|---|---|---|
| 001 | 102748 | ||
| 003 | ES-MaACL | ||
| 005 | 20250911062832.0 | ||
| 007 | t| | ||
| 008 | 051201s2005 sp ||||1| spa d | ||
| 020 | _a84-7522-583-7 | ||
| 080 | _a821.134.2-14"19" | ||
| 100 | 1 |
_aMassana, Juan. _978789 |
|
| 245 | 1 | 0 |
_aHuésped de tu voz / _cJuan Massana. |
| 260 |
_aMadrid : _bVisor Libros, _c[2005] |
||
| 300 |
_a48 p. ; _c20 cm. |
||
| 490 | 1 |
_aColección Visor de poesía ; _v583 |
|
| 830 | 0 |
_aColección Visor de poesía _v583 _9177331 |
|
| 852 |
_aES-MaACL _j2199-F-3 _bR.136412 |
||
| 999 |
_c102748 _d102748 |
||